New project starts, slump by 35 per cent (Record no. 109587)
[ view plain ]
| 000 -LEADER | |
|---|---|
| fixed length control field | 01183cad a22002055a 4500 |
| 001 - CONTROL NUMBER | |
| control field | L147500 |
| 008 - FIXED-LENGTH DATA ELEMENTS--GENERAL INFORMATION | |
| fixed length control field | 090519s20090409xxkd f 000 0 eng d |
| 035 ## - SYSTEM CONTROL NUMBER | |
| System control number | (Sirsi) u147500 |
| 041 0# - LANGUAGE CODE | |
| Language code of text/sound track or separate title | eng |
| 110 2# - MAIN ENTRY--CORPORATE NAME | |
| Corporate name or jurisdiction name as entry element | Glenigan Group |
| 9 (RLIN) | 3641 |
| 245 00 - TITLE STATEMENT | |
| Title | New project starts, slump by 35 per cent |
| 260 ## - PUBLICATION, DISTRIBUTION, ETC. | |
| Date of publication, distribution, etc. | 2009 |
| 490 #0 - SERIES STATEMENT | |
| Series statement | The Glenigan Index |
| Volume/sequential designation | April 2009 |
| 505 2# - FORMATTED CONTENTS NOTE | |
| Formatted contents note | The Glenigan Index for March recorded a 35% fall in new project starts, due to a continued drop in housing and non-residential building. In contrast civil engineering project starts have strengthened sharply since the start of the year. Conditions remain especially difficult in the housing sectors with the Residential Index for March recording starts at less than half the level of a year ago. Whilst the decline has been primarily driven by a sharp fall in private housing project starts, the flow of new social housing schemes is also down on a year ago. |
| 590 ## - LOCAL NOTE (RLIN) | |
| Local note | KA NTK |
| 651 #4 - SUBJECT ADDED ENTRY--GEOGRAPHIC NAME | |
| Geographic name | England and Wales |
| Chronological subdivision | 1543- |
| 690 ## - LOCAL SUBJECT ADDED ENTRY--TOPICAL TERM (OCLC, RLIN) | |
| Topical term or geographic name as entry element | Block management |
| 9 (RLIN) | 6220 |
| 856 40 - ELECTRONIC LOCATION AND ACCESS | |
| Uniform Resource Identifier | <a href="https://www.glenigan.com/free_downloads/Glenigan_NewsletterApr09.pdf">https://www.glenigan.com/free_downloads/Glenigan_NewsletterApr09.pdf</a> |
| Public note | View the website free of charge at www.glenigan.com... |
| 942 ## - ADDED ENTRY ELEMENTS (KOHA) | |
| Suppress in OPAC | 0 |
| Withdrawn status | Lost status | Source of classification or shelving scheme | Damaged status | Not for loan | Home library | Current library | Shelving location | Date acquired | Total Checkouts | Full call number | Barcode | Date last seen | Copy number | Price effective from | Koha item type |
|---|---|---|---|---|---|---|---|---|---|---|---|---|---|---|---|
| Dewey Decimal Classification | Virtual | Virtual | Books | 19/05/2009 | L147500 | 147500-2001 | 06/08/2019 | 1 | 06/08/2019 | Book |